[Event "Katowice Silesia 100th Ann op"]
[Site "Katowice"]
[Date "2024.04.27"]
[Round "1"]
[White "Wieczorek, Oskar"]
[Black "Zimny, Karol"]
[Result "1-0"]
[WhiteElo "2491"]
[BlackElo "1632"]
[PlyCount "53"]
[EventDate "2024.04.27"]
[EventType "swiss (rapid)"]
[EventRounds "11"]
[EventCountry "POL"]
[SourceTitle "CB19_2024"]
[SourceDate "2024.05.08"]
[SourceVersion "1"]
[SourceVersionDate "2024.05.08"]
[SourceQuality "1"]

1. e4 c5 2. Nf3 d6 3. d4 cxd4 4. Nxd4 Nf6 5. Nc3 g6 6. g3 Nc6 7. Bg2 Nxd4 8. Qxd4 Bg7 9. 0-0 0-0 10. Qd3 Bd7 11. Be3 Bc6 12. Rad1 Ng4 13. Bd4 Ne5 14. Qe2 Qa5 15. a3 a6 16. Kh1 Bb5 17. Nxb5 Qxb5 18. Qxb5 axb5 19. Bxe5 Bxe5 20. c3 Bg7 21. Rd5 Ra5 22. Rfd1 b6 23. Bf1 f5 24. exf5 b4 25. Bc4 Kh8 26. axb4 Ra2 27. Bxa2 1-0